| 000 | 00997cam a22002892 4500 | ||
|---|---|---|---|
| 001 | 0000004422 | ||
| 005 | 20151217145808.0 | ||
| 008 | 070523s xx 000 0 eng d | ||
| 020 |
_a0070445389 : _cKES 530 |
||
| 040 |
_aKABU _cKABU |
||
| 050 | 0 |
_aQA76.9 _b.D3O44 2000 |
|
| 100 | 1 |
_aO'Leary, Timothy J., _d1947-. _@0000151668 |
|
| 245 | 1 | 0 |
_aMicrosoft Access 2000 / _cTimothy J. O'Leary, Linda I. O'Leary. |
| 250 | _aIntroductory ed. | ||
| 260 |
_aNew Delhi : _bTat McGraw-Hill, _cc2000. |
||
| 300 |
_a1 v. (various pagings) : _bcol. ill. ; _c28 cm. |
||
| 440 | 4 |
_aThe O'Leary series _@0000151669 |
|
| 500 | _aIncludes index. | ||
| 650 | 0 |
_aMicrosoft Access. _@0000148418 |
|
| 650 | 0 |
_aDatabase management. _@0000148184 |
|
| 700 | 1 |
_aO'Leary, Linda I. _@0000151670 |
|
| 908 | _a070523 | ||
| 950 | _@1 | ||
| 999 |
_c2672 _d2672 |
||